Faithful conversation : (Record no. 119843)
[ view plain ]
| 000 -LEADER | |
|---|---|
| fixed length control field | 01462cam a2200289 a 4500 |
| 001 - CONTROL NUMBER | |
| control field | 13246216 |
| 003 - CONTROL NUMBER IDENTIFIER | |
| control field | ARRUPE |
| 005 - DATE AND TIME OF LATEST TRANSACTION | |
| control field | 20140131135933.0 |
| 008 - FIXED-LENGTH DATA ELEMENTS--GENERAL INFORMATION | |
| fixed length control field | 030620s2003 mnu b 000 0 eng d |
| 010 ## - LIBRARY OF CONGRESS CONTROL NUMBER | |
| LC control number | 2003545091 |
| 020 ## - INTERNATIONAL STANDARD BOOK NUMBER | |
| International Standard Book Number | 0800635809 (alk. paper) |
| 035 ## - SYSTEM CONTROL NUMBER | |
| System control number | (OCoLC)ocm52466494 |
| 040 ## - CATALOGING SOURCE | |
| Original cataloging agency | EBS |
| Transcribing agency | EBS |
| Modifying agency | DLC |
| 042 ## - AUTHENTICATION CODE | |
| Authentication code | lccopycat |
| 050 00 - LIBRARY OF CONGRESS CALL NUMBER | |
| Classification number | BR115.H6 |
| Item number | F35 2003 |
| 082 00 - DEWEY DECIMAL CLASSIFICATION NUMBER | |
| Classification number | 261.8/35766 |
| Edition number | 22 |
| 300 ## - PHYSICAL DESCRIPTION | |
| Dimensions | 23 cm. |
| 245 00 - TITLE STATEMENT | |
| Title | Faithful conversation : |
| Remainder of title | Christian perspectives on homosexuality / |
| Statement of responsibility, etc | edited by James M. Childs, Jr. |
| 260 ## - PUBLICATION, DISTRIBUTION, ETC. (IMPRINT) | |
| Place of publication, distribution, etc | Minneapolis, MN : |
| Name of publisher, distributor, etc | Fortress , |
| Date of publication, distribution, etc | c2003. |
| 300 ## - PHYSICAL DESCRIPTION | |
| Extent | viii, 132 p. ; |
| 504 ## - BIBLIOGRAPHY, ETC. NOTE | |
| Bibliography, etc | Includes bibliographical references. |
| 505 0# - FORMATTED CONTENTS NOTE | |
| Formatted contents note | Introduction / J.M. Childs, Jr. -- The Bible and homosexuality / Mark Allan Powell -- The Lutheran reformation and homosexual practice / James Arne Nestingen -- Rethinking Christian sexuality : baptized into the body of Christ / Martha Ellen Stortz -- We hear in our own language : culture, theology, and ethics / Richard J. Perry Jr. and José David RodrÃguez -- Talking about sexual orientation : experience, science and the mission of the church / Daniel L. Olson -- Authors' forum. |
| 650 #0 - SUBJECT ADDED ENTRY--TOPICAL TERM | |
| Topical term or geographic name as entry element | Homosexuality |
| General subdivision | Religious aspects |
| -- | Christianity. |
| 9 (RLIN) | 7579 |
| 700 1# - ADDED ENTRY--PERSONAL NAME | |
| Personal name | Childs, James M., |
| Dates associated with a name | 1939- |
| 9 (RLIN) | 7580 |
| 906 ## - LOCAL DATA ELEMENT F, LDF (RLIN) | |
| a | 7 |
| b | cbc |
| c | copycat |
| d | 2 |
| e | ncip |
| f | 20 |
| g | y-gencatlg |
| 942 ## - ADDED ENTRY ELEMENTS (KOHA) | |
| Source of classification or shelving scheme | Library of Congress Classification |
| Koha item type | Monograph ( Printed materials) |
| Withdrawn status | Lost status | Source of classification or shelving scheme | Damaged status | Not for loan | Collection code | Home library | Current library | Shelving location | Date acquired | Total Checkouts | Full call number | Barcode | Date last seen | Date checked out | Price effective from | Koha item type |
|---|---|---|---|---|---|---|---|---|---|---|---|---|---|---|---|---|
| Library of Congress Classification | Main Collection | ARRUPE LIBRARY | ARRUPE LIBRARY | Main Collection | 31/01/2014 | 1 | BR115.H6 F35 2003 | 46412036 | 15/11/2016 | 26/08/2015 | 31/01/2014 | Monograph ( Printed materials) |